000 00358nam a2200145Ia 4500
008 230917s9999||||xx |||||||||||||| ||und||
040 _e61601
_aMAIN
041 _aEnglish
082 _a657.48 P213I
100 _aPramanik, A K
245 0 _aIssues in finance and accounting
260 _aNew Delhi
_bKanishka
_c1996
300 _aviii, 262 p.
942 _cBK
999 _c93850
_d93850